| 000 | 00427nam a2200097 4500 | ||
|---|---|---|---|
| 084 |
_2Colon Classification _aO-oj123,3N194ojMAx:g(L72:45:(S:4)) |
||
| 100 | _aVinu Rajesh C | ||
| 245 | _aAlzheimer's diseases and conceptual Metaphors: A cognitive cultural analysis of the select works of Iris Murdoch and Gabriel Garica Marquez | ||
| 260 |
_aUniversity of Kerala _bMar Ivanious College, PhD Thesis in English _c2024 |
||
| 942 |
_2CC _cTH |
||
| 999 |
_c750406 _d750406 |
||